000 01139nam a2200289 i 4500
003 EG-GICUC
005 20260419065925.0
008 260419s19581377ua a|||fr|||| 001 0 eng d
040 _a EG-GICUC
_bara
_c EG-GICUC
_d EG-GICUC
_erda
041 0 _aArabic
082 0 4 _221
_a343
_bم ح. م
092 0 4 _221
099 _aLaw1 10 343 م ح. م 1958
110 _aمحكمة النقض المكتب الفني
245 1 0 _aمجموعة القواعد القانونية التي قررتها محكمة النقض
_bفي خمسة وعشرين عاما
_nالجزء التاني
_cمحكمة النقض المكتب الفني
264 _aCairo
_bمطابع مدكور واولاده بالقاهرة
_c1958
300 _a1230 صفحة :
_bإيضاحيات، صور، مثيليات ؛
_c24 سم
336 _2rda content
_atext
337 _2rda media
_aComputer
338 _2rda carrier
_aOnline Resource
500 _aيشتمل على كشاف
650 1 _aالقانون الجنائي
_2qrmak
651 1 _2qrmak
856 4 0 _uhttps://fll.law.cu.edu.eg/fulltext/bks/B10-10262.pdf
905 _a158
942 _2ddc
_n0
_cBK
_e21
999 _c71716
_d71716